Class and culture in Germany /
Furkejuvvon:
| Váldodahkki: | |
|---|---|
| Materiálatiipa: | Girji |
| Giella: | English |
| Fáddágilkorat: |
Lasit fáddágilkoriid
Eai fáddágilkorat, Lasit vuosttaš fáddágilkora!
|
MARC
| LEADER | 00000nam a22000007a 4500 | ||
|---|---|---|---|
| 003 | cru CRAI/IIS | ||
| 005 | 20200220131919.0 | ||
| 008 | 200220t2005 nyu|||||r||||||0| ||eng|d | ||
| 999 | |c 42959 |d 42959 | ||
| 040 | |c cru CRAI/IIS | ||
| 100 | 1 | |9 9099 |a Vester, Michael | |
| 245 | 1 | |a Class and culture in Germany / |c Michael Vester | |
| 300 | |a páginas 46-68 | ||
| 773 | 0 | |0 42779 |9 4170 |d New York: Palgrave Macmillan, 2005 |o 18552 |t Rethinking class: |z 9780333968956 | |
| 942 | |2 ddc |c LI | ||



